000 01001nam a22002897a 4500
001 BR9803365
003 BR-BrBNA
005 20230928100029.0
007 ta
008 230509b bl.||||| |||| 00| 0 por d
040 _aBR-BrBNA
_bpor
_cBiblioteca Nacional de Agricultura
041 _a(Por)
072 _aL53
_b5212
090 _ 5212 BR9803365
100 1 _aGuimaraes, J.D.
110 1 _aUniversidade Federal de Minas Gerais, Belo Horizonte (Brasil). Escola de Veterinaria
_0Tese (Doutor em Ciencia Animal)
245 1 _aAvaliacao andrologica e estudos quantitativos e qualitativos da espermatogenese de touros mesticos F1 Holandes x Zebu e Red Angus x Zebu
260 3 _aBelo Horizonte, MG (Brasil):
_c1997.
300 _a186 p.
500 _aBibliography (69 ref.); Summaries (Eng, Por); 14 illus.; 33 tables
650 _aGado Holandes
650 _aGado Zebu
650 _aReproducao Animal
650 _aEspermatogenese
909 _a202309
_bLucia
_c55
_dLucia Elande
942 _cBK
999 _c59954
_d59954